[Event "Otvoreno prvenstvo Subotice 2014"]
[Site "Subotica"]
[Date "2014.02.24"]
[Round "3.6"]
[White "Pardic, Oliver"]
[Black "Sedlak, Ivan"]
[Result "1/2-1/2"]
[WhiteElo "2258"]
[BlackElo "2126"]
[PlyCount "24"]
[EventDate "2014.02.19"]

1. Nf3 d5 2. d4 Nf6 3. e3 Bg4 4. c4 c6 5. Qb3 Qb6 6. c5 Qc7 7. Ne5 Bf5 8. Nc3
Nbd7 9. f4 e6 10. Be2 Be7 11. O-O Nxe5 12. fxe5 Ne4 1/2-1/2

[Event "Otvoreno prvenstvo Subotice 2014"]
[Site "Subotica"]
[Date "2014.02.24"]
[Round "3.7"]
[White "Doslov, Ostoja"]
[Black "Kler, Borko"]
[Result "0-1"]
[WhiteElo "1875"]
[BlackElo "2254"]
[PlyCount "54"]
[EventDate "2014.02.19"]

1. c4 Nf6 2. Nc3 g6 3. d4 Bg7 4. e4 d6 5. f4 c5 6. dxc5 Qa5 7. Bd2 Qxc5 8. Nf3
O-O 9. a3 a5 10. Qe2 Bg4 11. O-O-O Rc8 12. h3 Be6 13. e5 Bxc4 14. Qe3 Qxe3 15.
Bxe3 Ne4 16. Bxc4 Rxc4 17. Rd4 Rxd4 18. Bxd4 Ng3 19. Rd1 Nc6 20. Bf2 Nh5 21.
exd6 exd6 22. Ne2 Re8 23. g4 Rxe2 24. Bd4 Nxd4 25. Nxd4 Re4 26. Nb5 Nxf4 27.
Nxd6 Re6 0-1

[Event "Otvoreno prvenstvo Subotice 2014"]
[Site "Subotica"]
[Date "2014.02.24"]
[Round "3.9"]
[White "Jelovac, Ivko"]
[Black "Matkovic, Jovan"]
[Result "1/2-1/2"]
[WhiteElo "1901"]
[BlackElo "2017"]
[PlyCount "58"]
[EventDate "2014.02.19"]

1. e4 c5 2. Nf3 Nc6 3. d4 cxd4 4. Nxd4 Nf6 5. Nc3 e5 6. Nb3 Bb4 7. f3 d5 8.
exd5 Nxd5 9. Bd2 Nxc3 10. bxc3 Bd6 11. Bd3 O-O 12. O-O f5 13. Qe1 Be6 14. Rd1
Qc7 15. Qh4 Ne7 16. Qe1 Bd5 17. Qe2 Rac8 18. Kh1 b6 19. Ba6 Rce8 20. Bb5 Rd8
21. c4 Bb7 22. Bg5 h6 23. Bh4 g5 24. Bf2 Ng6 25. c5 bxc5 26. Qc4+ Kh7 27. Bxc5
Bxc5 28. Nxc5 Rxd1 29. Rxd1 Rf7 1/2-1/2

[Event "Otvoreno prvenstvo Subotice 2014"]
[Site "Subotica"]
[Date "2014.02.24"]
[Round "3.10"]
[White "Takacs, Tibor"]
[Black "Bicskei, Mihaly"]
[Result "0-1"]
[WhiteElo "1998"]
[BlackElo "1853"]
[PlyCount "86"]
[EventDate "2014.02.19"]

1. e4 g6 2. d4 Bg7 3. Nf3 d6 4. Bc4 Nf6 5. Nbd2 O-O 6. O-O Nc6 7. c3 Na5 8. Bd3
c5 9. b4 cxb4 10. cxb4 Nc6 11. b5 Na5 12. Bb2 b6 13. Qe2 Bb7 14. Rac1 Qd7 15.
Rfe1 e6 16. Bc3 Rfc8 17. Bxa5 bxa5 18. a4 Rxc1 19. Rxc1 Rc8 20. Rxc8+ Qxc8 21.
Nc4 Qc7 22. Qe1 Bxe4 23. Bf1 Bxf3 24. gxf3 Nd5 25. Qxa5 Qxa5 26. Nxa5 Bxd4 27.
Nc6 Bc5 28. Bc4 Nb6 29. Bb3 Nc8 30. Kf1 Kf8 31. Ke2 Ke8 32. f4 Kd7 33. f3 Kc7
34. Na5 Ne7 35. Nc4 Nd5 36. f5 gxf5 37. Nb2 Nf4+ 38. Kd2 d5 39. Bd1 Bg1 40. Kc3
Bxh2 41. a5 Bg1 42. Kb4 h5 43. Bc2 h4 0-1

[Event "Otvoreno prvenstvo Subotice 2014"]
[Site "Subotica"]
[Date "2014.02.24"]
[Round "3.13"]
[White "Vecseri, Julius"]
[Black "Lanji, Laslo"]
[Result "1-0"]
[WhiteElo "2020"]
[BlackElo "1839"]
[PlyCount "83"]
[EventDate "2014.02.19"]

1. Nf3 d5 2. d4 Nf6 3. e3 Nc6 4. Be2 g6 5. O-O Bg7 6. c4 O-O 7. Nbd2 e6 8. b3
b6 9. Bb2 Ne7 10. Rc1 Bb7 11. Qc2 Rc8 12. c5 Nc6 13. Ba3 Re8 14. b4 a6 15. Qc3
bxc5 16. bxc5 Ra8 17. Rb1 Qc8 18. Rb3 Nd8 19. Ne5 c6 20. Bb4 Nd7 21. Ba5 Bxe5
22. dxe5 Qb8 23. f4 Qa7 24. Rc1 Bc8 25. Bb6 Nxb6 26. Rxb6 Rb8 27. Rcb1 Rxb6 28.
Rxb6 Re7 29. Qa5 Qa8 30. a4 Ra7 31. Qc3 a5 32. Nb3 Kg7 33. Nd4 Ba6 34. Bxa6
Rxa6 35. Qb2 Qa7 36. g4 Rxb6 37. cxb6 Qb7 38. f5 c5 39. f6+ Kg8 40. Qb5 Kf8 41.
Qxc5+ Ke8 42. Qc7 1-0

[Event "Otvoreno prvenstvo Subotice 2014"]
[Site "Subotica"]
[Date "2014.02.24"]
[Round "3.14"]
[White "Smit, Jovan"]
[Black "Kosa, Jeno"]
[Result "0-1"]
[WhiteElo "1817"]
[BlackElo "2073"]
[PlyCount "74"]
[EventDate "2014.02.19"]

1. e4 c5 2. Nf3 Nc6 3. d4 cxd4 4. Nxd4 g6 5. Nc3 Bg7 6. Be3 Nf6 7. f3 O-O 8.
Bc4 Qb6 9. Bb3 Nxe4 10. Na4 Qa5+ 11. c3 Nf6 12. Qd2 Nxd4 13. Bxd4 d6 14. Bc2
Bf5 15. b4 Qb5 16. Nb2 Bxc2 17. Qxc2 Rac8 18. a4 Qxb4 19. cxb4 Rxc2 20. O-O e5
21. Rf2 Rxf2 22. Bxf2 e4 23. Nc4 exf3 24. Nxd6 Ne4 25. Nxe4 Bxa1 26. gxf3 Rd8
27. Kg2 f5 28. Nc5 b6 29. Ne6 Rd7 30. a5 bxa5 31. bxa5 a6 32. Bb6 Bc3 33. Nc5
Rd5 34. Nxa6 Bxa5 35. Bxa5 Rxa5 36. Nb4 Kf7 37. Kg3 g5 0-1

[Event "Otvoreno prvenstvo Subotice 2014"]
[Site "Subotica"]
[Date "2014.02.24"]
[Round "3.16"]
[White "Nemeth, Tibor G"]
[Black "Bacsa, Zoltan"]
[Result "1/2-1/2"]
[WhiteElo "1928"]
[BlackElo "1654"]
[PlyCount "108"]
[EventDate "2014.02.19"]

1. c4 c6 2. Nc3 Nf6 3. g3 e6 4. Bg2 d5 5. cxd5 cxd5 6. d4 Nc6 7. Nf3 h6 8. O-O
Be7 9. Bf4 a6 10. Ne5 Nxe5 11. Bxe5 Bd6 12. Qb3 Bxe5 13. dxe5 Nd7 14. f4 Qb6+
15. Qxb6 Nxb6 16. e4 dxe4 17. Nxe4 O-O 18. Nd6 Rb8 19. Rfd1 Rd8 20. Rac1 Rd7
21. Bf3 Kf8 22. Kf2 Ke7 23. b3 f6 24. a4 Kd8 25. exf6 gxf6 26. Nf7+ Ke7 27.
Nxh6 Rxd1 28. Rxd1 Bd7 29. Ng4 Bc6 30. Bxc6 bxc6 31. h4 Nd5 32. Rd3 Rg8 33. Kf3
Nb4 34. Rc3 Rd8 35. Ne3 Rd3 36. Rxd3 Nxd3 37. Nc4 e5 38. fxe5 fxe5 39. g4 Ke6
40. Ke3 Nc5 41. Nd2 Kd5 42. g5 Ne6 43. Ne4 Nd4 44. Nd2 Nf5+ 45. Kd3 Nxh4 46. b4
Ng6 47. Nb3 Nf4+ 48. Ke3 Kc4 49. Nc5 Kxb4 50. Nxa6+ Kxa4 51. Nc5+ Kb5 52. Nd3
Ng6 53. Ke4 c5 54. Nxe5 Ne7 1/2-1/2

[Event "Otvoreno prvenstvo Subotice 2014"]
[Site "Subotica"]
[Date "2014.02.24"]
[Round "3.17"]
[White "Sijan, Branko"]
[Black "Szabo, Nikita"]
[Result "1/2-1/2"]
[WhiteElo "1826"]
[BlackElo "1638"]
[PlyCount "115"]
[EventDate "2014.02.19"]

1. e4 c5 2. Nf3 Nc6 3. d4 cxd4 4. Nxd4 Nf6 5. Nc3 g6 6. Bb5 Bg7 7. Bxc6 bxc6 8.
O-O O-O 9. Kh1 Qc7 10. f4 e5 11. fxe5 Qxe5 12. Bf4 Qa5 13. Rf3 Ng4 14. Kg1 Qc5
15. Nce2 Ba6 16. c3 Bxe2 17. Qxe2 Bxd4+ 18. cxd4 Qxd4+ 19. Kh1 Rfe8 20. Rd1
Qxe4 21. Qxe4 Rxe4 22. h3 Nf6 23. Rdf1 Nd5 24. Bg5 f5 25. g4 f4 26. Bxf4 Nxf4
27. Rxf4 Rxf4 28. Rxf4 Rb8 29. b3 Rb5 30. Ra4 a5 31. Rd4 d5 32. Kg2 Rb4 33. Rd3
a4 34. Kf3 axb3 35. axb3 g5 36. Rc3 Kf7 37. Ke2 Re4+ 38. Kd2 Re6 39. Kd3 Ke7
40. Kd2 Kd6 41. Rf3 c5 42. Rc3 h6 43. h4 Re5 44. Rf3 Re6 45. Rf5 gxh4 46. Rh5
Rg6 47. Rxh4 Ke5 48. Rh5+ Ke4 49. Rh4 Kf4 50. Rh5 Rg5 51. Rxh6 Kxg4 52. Rc6 d4
53. Kd3 Kf4 54. b4 Rg3+ 55. Ke2 cxb4 56. Rc4 Ke4 57. Rxb4 Rg2+ 58. Kd1 1/2-1/2

[Event "Otvoreno prvenstvo Subotice 2014"]
[Site "Subotica"]
[Date "2014.02.26"]
[Round "4.1"]
[White "Arbutina, Sinisa"]
[Black "Nadj Hedjesi, Balind"]
[Result "1/2-1/2"]
[WhiteElo "2285"]
[BlackElo "2397"]
[PlyCount "26"]
[EventDate "2014.02.19"]

1. e4 e5 2. Nf3 Nc6 3. Bc4 Bc5 4. c3 Nf6 5. d4 exd4 6. cxd4 Bb4+ 7. Nc3 Nxe4 8.
O-O Bxc3 9. d5 Bf6 10. Re1 Ne7 11. Rxe4 d6 12. Bg5 Bxg5 13. Nxg5 O-O 1/2-1/2

[Event "Otvoreno prvenstvo Subotice 2014"]
[Site "Subotica"]
[Date "2014.02.26"]
[Round "4.2"]
[White "Solymosi, Andras"]
[Black "Pajzer, Istvan"]
[Result "0-1"]
[WhiteElo "1788"]
[BlackElo "2157"]
[PlyCount "74"]
[EventDate "2014.02.19"]

1. c4 Nf6 2. Nf3 g6 3. Nc3 Bg7 4. g3 c5 5. Bg2 Nc6 6. O-O O-O 7. e4 d6 8. d3
Bg4 9. h3 Bxf3 10. Bxf3 Nd4 11. Bg2 Rb8 12. Rb1 a6 13. Be3 b5 14. Ne2 Nxe2+ 15.
Qxe2 bxc4 16. dxc4 Nd7 17. Rfd1 Rb4 18. Qc2 Qc7 19. b3 Ne5 20. f4 Nc6 21. e5
Rbb8 22. exd6 exd6 23. Bxc6 Qxc6 24. Rd5 Rbe8 25. Bf2 f5 26. Rbd1 Rf6 27. Qd3
Bf8 28. Be1 Rfe6 29. Kf2 Bg7 30. Bc3 Re2+ 31. Qxe2 Rxe2+ 32. Kxe2 Bxc3 33. Kd3
Bd4 34. Re1 Kg7 35. Re2 a5 36. a4 Qb6 37. Kc2 Qb4 0-1

[Event "Otvoreno prvenstvo Subotice 2014"]
[Site "Subotica"]
[Date "2014.02.26"]
[Round "4.3"]
[White "Janjusevic, Branislav"]
[Black "Meszaros, Bela"]
[Result "0-1"]
[WhiteElo "1965"]
[BlackElo "2259"]
[PlyCount "120"]
[EventDate "2014.02.19"]

1. e4 c5 2. Nf3 d6 3. d4 cxd4 4. Nxd4 Nf6 5. Bd3 e5 6. Nf3 Bg4 7. c4 Nbd7 8.
Nc3 Nc5 9. Bc2 Be7 10. Be3 Qc8 11. Rc1 Qc6 12. O-O O-O 13. Nd5 Bd8 14. Bxc5
Qxc5 15. Bd3 Nd7 16. h3 Be6 17. b4 Qc6 18. Qd2 h6 19. Rc2 a5 20. a3 Kh7 21. Kh2
g6 22. g4 axb4 23. axb4 Ra3 24. Ra2 Rxa2 25. Qxa2 Bxd5 26. cxd5 Qb6 27. Qa4 Nf6
28. Kg2 Kg7 29. Rc1 h5 30. g5 Nh7 31. h4 f6 32. gxf6+ Nxf6 33. Rc2 Ng4 34. Qb5
Ne3+ 35. fxe3 Qxe3 36. Be2 Bxh4 37. Bd1 Rf4 38. Qe2 Rg4+ 39. Kf1 Qf4 40. Qd2
Qg3 41. Qh2 Qxh2 42. Rxh2 Be7 43. Nd2 Rf4+ 44. Rf2 Rh4 45. Kg2 g5 46. Rf5 g4
47. Nf1 Kg6 48. Bc2 Rh3 49. Bd1 Rd3 50. Be2 Rb3 51. b5 Rb2 52. Rf2 Bh4 53. Ng3
Bg5 54. Nf1 Bf4 55. Bd3 Rb3 56. Bc4 Rc3 57. Ba2 h4 58. Bb1 h3+ 59. Kg1 Rc1 60.
Bd3 Be3 0-1

[Event "Otvoreno prvenstvo Subotice 2014"]
[Site "Subotica"]
[Date "2014.02.26"]
[Round "4.4"]
[White "Rajic, Ivan"]
[Black "Pardic, Oliver"]
[Result "0-1"]
[WhiteElo "2020"]
[BlackElo "2258"]
[PlyCount "54"]
[EventDate "2014.02.19"]

1. e4 c5 2. Nf3 e6 3. d4 cxd4 4. Nxd4 Nf6 5. Nc3 Bb4 6. Bd3 Nc6 7. Nxc6 bxc6 8.
O-O e5 9. Bg5 h6 10. Bh4 d6 11. Qf3 g5 12. Bg3 Bc5 13. Qd1 h5 14. h4 Ng4 15.
Na4 gxh4 16. Nxc5 hxg3 17. fxg3 dxc5 18. Qf3 Be6 19. Rad1 Qd4+ 20. Rf2 Qxf2+
21. Qxf2 Nxf2 22. Kxf2 Ke7 23. b3 Rad8 24. Rh1 f5 25. Ke3 fxe4 26. Be2 Rdg8 27.
Rh4 Rxg3+ 0-1

[Event "Otvoreno prvenstvo Subotice 2014"]
[Site "Subotica"]
[Date "2014.02.26"]
[Round "4.5"]
[White "Kler, Borko"]
[Black "Bicskei, Mihaly"]
[Result "1-0"]
[WhiteElo "2254"]
[BlackElo "1853"]
[PlyCount "81"]
[EventDate "2014.02.19"]

1. e4 g6 2. d4 Bg7 3. Nc3 c6 4. Be3 d5 5. f3 dxe4 6. fxe4 h5 7. Bc4 Nh6 8. h3
b5 9. Bb3 a5 10. a4 b4 11. Nce2 e6 12. Nf3 Bb7 13. Ng5 Qe7 14. Qd2 Na6 15.
O-O-O Nc7 16. Qe1 O-O-O 17. Qg3 f6 18. Nf3 g5 19. Kb1 Nf7 20. Nc1 Nd6 21. e5
Ne4 22. Qe1 g4 23. exf6 Bxf6 24. hxg4 hxg4 25. Rxh8 Rxh8 26. Nd2 Nxd2+ 27. Qxd2
Nd5 28. Nd3 Kc7 29. Nc5 Bc8 30. Bc4 Kb8 31. Qe2 Ka7 32. Bf2 Rg8 33. Ba6 Nf4 34.
Qc4 g3 35. Bxc8 Rxc8 36. Bxg3 Bg5 37. Rf1 Rf8 38. Qa6+ Kb8 39. Qxc6 Rf7 40. d5
e5 41. Na6+ 1-0

[Event "Otvoreno prvenstvo Subotice 2014"]
[Site "Subotica"]
[Date "2014.02.26"]
[Round "4.6"]
[White "Kovac, Zoltan"]
[Black "Puhalo, Zdravko"]
[Result "1/2-1/2"]
[WhiteElo "2031"]
[BlackElo "2064"]
[PlyCount "35"]
[EventDate "2014.02.19"]

1. d4 Nf6 2. c4 d6 3. Nc3 Nc6 4. e4 e5 5. d5 Ne7 6. Bd3 Ng6 7. Nge2 Be7 8. Bd2
Bd7 9. Qc2 Nh5 10. O-O-O c5 11. g3 a6 12. f4 Nf6 13. f5 Nf8 14. h3 Rb8 15. g4
h6 16. Rdg1 b5 17. a4 bxc4 18. Bxc4 1/2-1/2

[Event "Otvoreno prvenstvo Subotice 2014"]
[Site "Subotica"]
[Date "2014.02.26"]
[Round "4.9"]
[White "Kosa, Jeno"]
[Black "Jelovac, Ivko"]
[Result "1-0"]
[WhiteElo "2073"]
[BlackElo "1901"]
[PlyCount "69"]
[EventDate "2014.02.19"]

1. d4 Nf6 2. c4 g6 3. Nc3 Bg7 4. Nf3 O-O 5. g3 c6 6. Bg2 d5 7. cxd5 Nxd5 8. O-O
Nxc3 9. bxc3 Be6 10. Qa4 b5 11. Qc2 Qc8 12. Ba3 Re8 13. Rfe1 Nd7 14. Nd2 Nb6
15. e3 a5 16. Rab1 Nc4 17. Nxc4 Bxc4 18. Bc5 a4 19. Bf1 Qe6 20. Bxc4 Qxc4 21.
Rb4 Qe6 22. Reb1 Qh3 23. c4 e5 24. cxb5 cxb5 25. Rxb5 Rec8 26. Qe4 Re8 27. d5
h5 28. a3 Rad8 29. Bb6 Rc8 30. Qxa4 Qf5 31. e4 Qf3 32. d6 Qd3 33. Rd1 Rc1 34.
Rxc1 Qxd6 35. Rd5 1-0

[Event "Otvoreno prvenstvo Subotice 2014"]
[Site "Subotica"]
[Date "2014.02.26"]
[Round "4.10"]
[White "Mandovic, Mirko"]
[Black "Vecseri, Julius"]
[Result "1/2-1/2"]
[WhiteElo "2010"]
[BlackElo "2020"]
[PlyCount "51"]
[EventDate "2014.02.19"]

1. e4 c5 2. Nf3 d6 3. d4 cxd4 4. Nxd4 a6 5. Nc3 Nc6 6. Be3 e6 7. Qd2 Bd7 8. f4
Qc7 9. O-O-O Nxd4 10. Bxd4 Bc6 11. Bd3 Rc8 12. Rhe1 b5 13. f5 e5 14. Be3 Nf6
15. Bg5 Be7 16. g4 h6 17. Bxf6 Bxf6 18. Kb1 O-O 19. a3 Rfd8 20. Qf2 Qe7 21. Rg1
Rb8 22. Na2 a5 23. c3 d5 24. Qe2 Qb7 25. Nc1 dxe4 26. Bc2 1/2-1/2

[Event "Otvoreno prvenstvo Subotice 2014"]
[Site "Subotica"]
[Date "2014.02.26"]
[Round "4.11"]
[White "Vucelic, Rade"]
[Black "Matkovic, Jovan"]
[Result "1/2-1/2"]
[WhiteElo "1917"]
[BlackElo "2017"]
[PlyCount "73"]
[EventDate "2014.02.19"]

1. e4 c5 2. Nf3 Nc6 3. Bb5 g6 4. Nc3 Bg7 5. Bxc6 dxc6 6. O-O Qc7 7. d3 Bg4 8.
Re1 Rd8 9. Qe2 Nf6 10. h3 h5 11. Bg5 Nd7 12. Qe3 f6 13. Bf4 e5 14. Bh2 Bh6 15.
Qe2 Be6 16. b3 O-O 17. Nd1 Bf7 18. Ne3 Rfe8 19. g4 hxg4 20. Nxg4 Bg7 21. Nh4
Nf8 22. Qe3 Ne6 23. Nh6+ Kh7 24. Nxf7 Qxf7 25. Rf1 Bh6 26. Qe2 Bf4 27. Ng2 Kg7
28. Bxf4 exf4 29. Qg4 Qc7 30. Nh4 Ng5 31. Kg2 Rh8 32. Rh1 Rh5 33. Nf3 Rdh8 34.
h4 Nf7 35. Qe6 Qc8 36. Qxc8 Rxc8 37. Rh2 1/2-1/2

[Event "Otvoreno prvenstvo Subotice 2014"]
[Site "Subotica"]
[Date "2014.02.26"]
[Round "4.13"]
[White "Hegedus, Antal"]
[Black "Sijan, Branko"]
[Result "1-0"]
[WhiteElo "1972"]
[BlackElo "1826"]
[PlyCount "62"]
[EventDate "2014.02.19"]

1. d4 Nf6 2. c4 g6 3. Nc3 Bg7 4. e4 O-O 5. f4 d6 6. Nf3 c5 7. d5 e6 8. e5 dxe5
9. fxe5 Nfd7 10. Bf4 exd5 11. Qxd5 Nc6 12. O-O-O Qe7 13. Re1 Nb6 14. Qe4 Bf5
15. Qe3 Rfe8 16. Nd5 Nxd5 17. cxd5 Nb4 18. Bc4 b5 19. d6 Qb7 20. d7 Bxd7 21.
Bxf7+ Kxf7 22. Ng5+ Kf8 23. Qxc5+ Kg8 24. Qxb4 Bf5 25. Qb3+ Re6 26. Nxe6 Rc8+
27. Nc5+ Kh8 28. Be3 Bh6 29. Qc3 b4 30. Nxb7 Bxe3+ 31. Rxe3 bxc3 1-0

[Event "Otvoreno prvenstvo Subotice 2014"]
[Site "Subotica"]
[Date "2014.02.26"]
[Round "4.14"]
[White "Mester, Robert"]
[Black "Bacsa, Zoltan"]
[Result "1-0"]
[WhiteElo "1933"]
[BlackElo "1654"]
[PlyCount "86"]
[EventDate "2014.02.19"]

1. e4 d5 2. exd5 Nf6 3. Nc3 Nxd5 4. Nxd5 Qxd5 5. Qf3 Qe5+ 6. Be2 Nc6 7. c3 e6
8. d4 Qa5 9. Qd3 Bd7 10. Nf3 Be7 11. O-O O-O 12. Qb5 h6 13. b4 Qxb5 14. Bxb5 a6
15. Bd3 Rad8 16. a4 Bf6 17. Bf4 Rc8 18. b5 axb5 19. axb5 Ne7 20. Be5 Bxe5 21.
Nxe5 Rfd8 22. Nxd7 Rxd7 23. Be4 {[%csl Gc7]} c6 {[%csl Gb5]} 24. bxc6 bxc6 25.
Rfd1 Nd5 26. Bxd5 cxd5 27. Rdc1 Rdc7 28. Ra3 Rc4 29. Kf1 Rxd4 30. cxd4 Rxc1+
31. Ke2 g5 32. h4 Kg7 33. hxg5 hxg5 34. g4 Kg6 35. Ra6 Rc4 36. Ke3 Rc1 37. Ke2
Rc7 38. Ke3 Re7 39. Ra8 f5 40. Rg8+ Rg7 41. gxf5+ Kf6 42. Rxg7 Kxg7 43. fxe6
Kf6 1-0

[Event "Otvoreno prvenstvo Subotice 2014"]
[Site "Subotica"]
[Date "2014.02.26"]
[Round "4.16"]
[White "Szabo, Nikita"]
[Black "Doslov, Ostoja"]
[Result "1/2-1/2"]
[WhiteElo "1638"]
[BlackElo "1875"]
[PlyCount "22"]
[EventDate "2014.02.19"]

1. d4 e6 2. Nf3 Nf6 3. c4 d5 4. Nc3 c5 5. e3 Nc6 6. Be2 cxd4 7. exd4 Be7 8. O-O
O-O 9. h3 b6 10. Bf4 Bb7 11. Rc1 Rc8 1/2-1/2

[Event "Otvoreno prvenstvo Subotice 2014"]
[Site "Subotica"]
[Date "2014.02.26"]
[Round "4.17"]
[White "Bosnjak, Slobodan"]
[Black "Miljkovic, Vukasin"]
[Result "1-0"]
[WhiteElo "1854"]
[BlackElo "1683"]
[PlyCount "85"]
[EventDate "2014.02.19"]

1. e4 e5 2. Bc4 Nf6 3. d3 h6 4. f4 d6 5. Nf3 Nbd7 6. O-O c6 7. c3 Be7 8. Bb3 a5
9. Qe1 a4 10. Bc2 Nh5 11. fxe5 dxe5 12. Qd1 Nhf6 13. Bxa4 Nc5 14. Bc2 Bg4 15.
b4 Bxf3 16. Qxf3 Ne6 17. Bb3 Qd6 18. Qf5 g6 19. Qh3 h5 20. Bxe6 Qxe6 21. Qxe6
fxe6 22. Bg5 O-O 23. Nd2 b5 24. Nf3 Kg7 25. Nxe5 Rac8 26. Nf3 c5 27. e5 Nd5 28.
Bxe7 Nxe7 29. Ng5 Rxf1+ 30. Rxf1 Nd5 31. Nxe6+ Kh6 32. Nxc5 Nxc3 33. Rf2 Ra8
34. d4 Nxa2 35. Nd3 Nc3 36. g3 Rd8 37. Rc2 Ne4 38. e6 Rxd4 39. e7 Nf6 40. Nf4
Rxb4 41. Nd5 Rb1+ 42. Kg2 Re1 43. Nxf6 1-0

[Event "Otvoreno prvenstvo Subotice 2014"]
[Site "Subotica"]
[Date "2014.02.28"]
[Round "5.1"]
[White "Pajzer, Istvan"]
[Black "Arbutina, Sinisa"]
[Result "0-1"]
[WhiteElo "2157"]
[BlackElo "2285"]
[PlyCount "88"]
[EventDate "2014.02.19"]

1. e4 e5 2. Nf3 Nc6 3. Bb5 Nf6 4. O-O Nxe4 5. d4 Nd6 6. Bxc6 dxc6 7. dxe5 Nf5
8. Qe2 Nd4 9. Nxd4 Qxd4 10. Qe3 Qxe3 11. Bxe3 Bf5 12. c3 Be7 13. a4 a5 14. Nd2
b6 15. h3 h5 16. Nf3 Be4 17. Nd4 c5 18. Nb5 O-O-O 19. Rad1 Rxd1 20. Rxd1 Bc2
21. Ra1 Bb3 22. f4 Rd8 23. Kf2 Rd1 24. Rxd1 Bxd1 25. f5 Kd7 26. Na3 Kc6 27. Bf4
Bxa4 28. Ke3 b5 29. g4 c4 30. gxh5 Kd5 31. f6 gxf6 32. exf6 Bxf6 33. Kd2 b4 34.
Nb1 Bd7 35. Bxc7 Bf5 36. Kc1 Bg5+ 37. Nd2 bxc3 38. bxc3 a4 39. h4 Bh6 40. Bd8
a3 41. Bg5 Bg7 42. Nf1 Bxc3 43. Ne3+ Ke6 44. Nxf5 a2 0-1

[Event "Otvoreno prvenstvo Subotice 2014"]
[Site "Subotica"]
[Date "2014.02.28"]
[Round "5.2"]
[White "Nadj Hedjesi, Balind"]
[Black "Pardic, Oliver"]
[Result "1-0"]
[WhiteElo "2397"]
[BlackElo "2258"]
[PlyCount "123"]
[EventDate "2014.02.19"]

1. e4 e5 2. Nf3 Nc6 3. Bc4 f5 4. d4 fxe4 5. Nxe5 Nf6 6. Bf7+ Ke7 7. Bb3 d5 8.
c4 dxc4 9. Nxc6+ bxc6 10. Bxc4 Be6 11. Bxe6 Kxe6 12. Nc3 Bd6 13. Bg5 Re8 14.
O-O Kf7 15. Re1 Rb8 16. Bxf6 Qxf6 17. b3 Rb4 18. Qh5+ Qg6 19. Qxg6+ Kxg6 20.
Rad1 c5 21. dxc5 Bxc5 22. Nd5 Rb7 23. Rc1 Bd4 24. Rc6+ Kf7 25. Rd1 e3 26. Nxe3
Bxe3 27. Rd7+ Re7 28. Rxe7+ Kxe7 29. fxe3 Kd7 30. Ra6 c6 31. Kf2 Kd6 32. Ke2
Re7 33. Kd3 Kc5 34. Ra4 Rf7 35. Rc4+ Kd5 36. Rf4 Re7 37. Rf5+ Kd6 38. e4 g6 39.
Ra5 Rf7 40. Ke3 h6 41. h4 Ke6 42. g4 Rf1 43. Rxa7 Rh1 44. Rc7 Rxh4 45. Rxc6+
Ke5 46. Rxg6 Rh3+ 47. Kd2 Kd4 48. Rd6+ Kxe4 49. Ra6 Kd4 50. Ra4+ Kd5 51. Kc2
Kc5 52. Kb2 Rh2+ 53. Ka3 Kb6 54. Rf4 Ka5 55. Rf5+ Kb6 56. Rh5 Rg2 57. Rxh6+ Kb5
58. Rh5+ Kb6 59. Rg5 Ka6 60. b4 Kb6 61. Kb3 Ka6 62. a4 1-0

[Event "Otvoreno prvenstvo Subotice 2014"]
[Site "Subotica"]
[Date "2014.02.28"]
[Round "5.3"]
[White "Meszaros, Bela"]
[Black "Kler, Borko"]
[Result "0-1"]
[WhiteElo "2259"]
[BlackElo "2254"]
[PlyCount "60"]
[EventDate "2014.02.19"]

1. e4 c5 2. Nf3 d6 3. d3 Nf6 4. g3 Nc6 5. Bg2 e5 6. c3 Be6 7. O-O Be7 8. Ng5
Bg4 9. Qb3 O-O 10. Qxb7 Na5 11. Qa6 Bc8 12. Qb5 Bd7 13. Qa6 Rb8 14. b4 cxb4 15.
cxb4 Rxb4 16. Bd2 Bb5 17. Qxa7 Nc6 18. Qe3 Rd4 19. Nc3 Rxd3 20. Qe1 Ba6 21. Qc1
Na5 22. Rd1 Qc8 23. Bf1 Rxd2 24. Qxd2 h6 25. Ne2 Bxe2 26. Bxe2 hxg5 27. Qxg5
Qc2 28. Qe3 Qxe4 29. Qd2 Rc8 30. Rab1 d5 0-1

[Event "Otvoreno prvenstvo Subotice 2014"]
[Site "Subotica"]
[Date "2014.02.28"]
[Round "5.4"]
[White "Tomik, Lajos"]
[Black "Sedlak, Ivan"]
[Result "1-0"]
[WhiteElo "2052"]
[BlackElo "2126"]
[PlyCount "125"]
[EventDate "2014.02.19"]

1. d4 Nf6 2. c4 e6 3. Nf3 Bb4+ 4. Bd2 c5 5. Bxb4 cxb4 6. g3 O-O 7. Nbd2 d5 8.
Bg2 Nc6 9. O-O Ne4 10. e3 f5 11. cxd5 exd5 12. a3 Be6 13. axb4 Nxb4 14. Qb3 Qd6
15. Rfd1 a5 16. Bf1 Kh8 17. Ne5 Rf6 18. Ndf3 b6 19. Rdc1 g5 20. Nd3 Nxd3 21.
Qxd3 f4 22. exf4 gxf4 23. Bg2 fxg3 24. fxg3 Rg8 25. Ne5 Nf2 26. Qa3 Qxa3 27.
Rxa3 Nh3+ 28. Bxh3 Bxh3 29. Rf3 Rxf3 30. Nxf3 Rc8 31. Rxc8+ Bxc8 32. Kf2 Kg7
33. Ke3 Kf6 34. Ne5 Be6 35. Nd3 Kg5 36. Nf2 h5 37. Kd2 Bd7 38. Kc3 Bb5 39. Kd2
Bc4 40. Kc3 b5 41. b3 Bf1 42. Kd2 Kf5 43. Kc3 Be2 44. Kd2 Bf1 45. Kc3 b4+ 46.
Kc2 Bb5 47. Kb2 Kg5 48. Kc2 h4 49. Kb2 Bf1 50. Kc2 h3 51. Kb2 Kf5 52. Kc2 Bg2
53. Kb2 Bf1 54. Kc2 Bb5 55. Kb2 Bd7 56. Kc2 a4 57. bxa4 Bxa4+ 58. Kb2 Kg5 59.
Nxh3+ Kg4 60. Nf4 Kf3 61. Nxd5 Ke4 62. Nb6 Bd1 63. d5 1-0

[Event "Otvoreno prvenstvo Subotice 2014"]
[Site "Subotica"]
[Date "2014.02.28"]
[Round "5.5"]
[White "Janjusevic, Branislav"]
[Black "Kosa, Jeno"]
[Result "0-1"]
[WhiteElo "1965"]
[BlackElo "2073"]
[PlyCount "80"]
[EventDate "2014.02.19"]

1. e4 c5 2. Nf3 Nc6 3. d4 cxd4 4. Nxd4 g6 5. c4 Nf6 6. Nc3 d6 7. h3 Nxd4 8.
Qxd4 Bg7 9. Qd1 O-O 10. Bd3 Nd7 11. O-O Nc5 12. Bc2 Bxc3 13. bxc3 Be6 14. Qe2
Qa5 15. Bd2 Qa6 16. Bb3 Rac8 17. Rad1 Nd7 18. Bh6 Rfe8 19. Rd4 Ne5 20. f4 Nc6
21. Rd2 Na5 22. f5 Bxc4 23. fxg6 hxg6 24. Qg4 Nxb3 25. axb3 Bxf1 26. Rf2 Bd3
27. Qf3 f6 28. c4 Qa1+ 29. Kh2 Qe5+ 30. Bf4 Qxe4 31. Qg3 Kf7 32. Rd2 Bxc4 33.
bxc4 Rxc4 34. Rf2 Rec8 35. Qb3 Kg7 36. Qg3 Rc2 37. Rf3 Re2 38. Qg4 Rcc2 39. Rg3
Rxg2+ 40. Rxg2 Rxg2+ 0-1

[Event "Otvoreno prvenstvo Subotice 2014"]
[Site "Subotica"]
[Date "2014.02.28"]
[Round "5.6"]
[White "Puhalo, Zdravko"]
[Black "Solymosi, Andras"]
[Result "0-1"]
[WhiteElo "2064"]
[BlackElo "1788"]
[PlyCount "114"]
[EventDate "2014.02.19"]

1. d4 Nf6 2. Nc3 d5 3. f4 Bf5 4. Nf3 e6 5. e3 Nbd7 6. Bd3 c6 7. O-O Bd6 8. h3
h5 9. Ne5 Qe7 10. Be2 O-O-O 11. a4 Rdg8 12. h4 Ne4 13. Nxe4 Bxe4 14. g3 f6 15.
Nf3 g5 16. Kh2 gxh4 17. gxh4 Rg4 18. Qe1 Rhg8 19. Qf2 Qg7 20. Ne1 Rg2+ 21. Nxg2
Qxg2+ 22. Qxg2 Rxg2+ 23. Kh3 Rxe2 24. Rg1 Bf5+ 25. Kg3 Rxc2 26. Rg2 a5 27. Bd2
Rxb2 28. Bxa5 Rxg2+ 29. Kxg2 b6 30. Bc3 Kb7 31. Kf2 Nb8 32. Ra2 Na6 33. Rb2 Nc7
34. Ba5 Na8 35. Bxb6 Nxb6 36. a5 Bc7 37. axb6 Bxb6 38. Rb3 Kc7 39. Ra3 c5 40.
dxc5 Bxc5 41. Ra1 e5 42. fxe5 fxe5 43. Ke2 d4 44. exd4 exd4 45. Ra4 Kd6 46. Kd2
Kd5 47. Ke2 Bc2 48. Ra2 d3+ 49. Kd2 Bb4+ 50. Kc1 Bb3 51. Rg2 d2+ 52. Rxd2+
Bxd2+ 53. Kxd2 Ke4 54. Ke2 Kf4 55. Kf2 Kg4 56. Kg2 Kxh4 57. Kh2 Bd5 0-1